Banking in Canada (Record no. 35451)

MARC details
000 -LEADER
fixed length control field 00463nam a2200133 a 4500
008 - FIXED-LENGTH DATA ELEMENTS--GENERAL INFORMATION
fixed length control field 120416s1978 ||||||||||||||||| || u
050 ## - LIBRARY OF CONGRESS CALL NUMBER
Classification number HG 2704 Bly
100 ## - MAIN ENTRY--PERSONAL NAME
Personal name Blythe, B. L
245 10 - TITLE STATEMENT
Title Banking in Canada
260 ## - PUBLICATION, DISTRIBUTION, ETC.
Place of publication, distribution, etc. Plymouth
Name of publisher, distributor, etc. MacDonald & Evans
Date of publication, distribution, etc. 1978
300 ## - PHYSICAL DESCRIPTION
Extent ix, 70p. : ill
350 ## - PRICE (NR) (BK AM CF MU VM SE) [OBSOLETE]
Price 0.00
995 ## - RECOMMENDATION 995 [LOCAL, UNIMARC FRANCE]
-- 0.00
-- CBU-MAIN LIBRARY (Kitwe)
-- 1
-- 0.00
-- 1
-- AVAILABLE
-- Main Library Open Access Collection
Holdings
Withdrawn status Lost status Source of classification or shelving scheme Damaged status Not for loan Home library Current library Shelving location Date acquired Total Checkouts Full call number Barcode Date last seen Price effective from Koha item type
          CBU-MAIN LIBRARY, KITWE. CBU-MAIN LIBRARY, KITWE.   11/30/2022   HG 2704 Bly 007713 11/30/2022 11/30/2022 MONOGRAPH